000 00852nam a22002657a 4500
001 7276
003 FISKH
005 20250707111200.0
008 250707b cb ||||| |||| 00| 0 eng d
020 _a9781595157348
040 _aFISKH
_beng
_cFISKH
_dFISKH
050 _aQL706.2 .O38
082 _a599
100 _aO'Hare, Ted
245 _aMammals :
_bWhat is an animal ? /
_cTed O'Hare
260 _aFlorida :
_bRourke Publishing,
_c2006.
300 _a24 pages :
_bcolor illustrations ;
_c19 cm
505 _aO
520 _aProvides information about mammals: physical characteristics, behavior, mating, and how they protect themselves from dangers.
521 8 _a600
_bLexile estimate
521 8 _aO
_bRaz-Plus
650 _aMammals
_vNonfiction
_xAnimal science
_yWildlife
942 _2ddc
_cBK
_n0
999 _c7276
_d7276